000 00464cam a2200169Ia 4500
020 _a0072898542
040 _cDLC
082 0 0 _a520 WCB 1999 A028 Or.
100 1 _aFix, John D
245 1 0 _aAstronomy :
_bjourney to the cosmic frontier /
250 _a2nd ed
260 _aDubuque, IA :
_bWCB/McGraw-Hill,
_c1999
300 _a1 v. (various pagings) :
_bill. (some col.) ;
_c29 cm. +
_e1 cd rom
500 _aIncludes index
650 0 _aAstronomy
942 _cEK
999 _c12774
_d12774